000 00460nmm a2200169Ia 4500
008 251105s9999||||xx |||||||||||||||||und||
020 _a9788496290235
041 _aspa
100 _aErcilla y Zúñiga, Alonso de
245 0 _aLa Araucana I
264 _a[Madrid, España] :
_bLinkgua,
_c2011
300 _a314 páginas
490 _aPoesía
650 _aLatin American poetry
856 _uhttps://public.digitaliapublishing.com/a/15143
942 _cCF
999 _c89733
_d89733